Engineering tribology / (Record no. 60732)

000 -LEADER
fixed length control field 01313cam a22003134a 4500
001 - CONTROL NUMBER
control field 12102581
003 - CONTROL NUMBER IDENTIFIER
control field NUST-PNEC
005 - DATE AND TIME OF LATEST TRANSACTION
control field 20170116180706.0
008 - FIXED-LENGTH DATA ELEMENTS--GENERAL INFORMATION
fixed length control field 000711s2000 maua b 001 0 eng
010 ## - LIBRARY OF CONGRESS CONTROL NUMBER
LC control number 00058521
020 ## - INTERNATIONAL STANDARD BOOK NUMBER
International Standard Book Number 0750673044
040 ## - CATALOGING SOURCE
Original cataloging agency DLC
Transcribing agency PNEC
042 ## - AUTHENTICATION CODE
Authentication code pcc
050 00 - LIBRARY OF CONGRESS CALL NUMBER
Classification number TJ1075
Item number .S78 2000
082 00 - DEWEY DECIMAL CLASSIFICATION NUMBER
Classification number 621.89 STA
Edition number 21
100 1# - MAIN ENTRY--PERSONAL NAME
Personal name Stachowiak, G. W.
Fuller form of name (Gwidon W.)
245 10 - TITLE STATEMENT
Title Engineering tribology /
Statement of responsibility, etc. Gwidon W. Stachowiak, Andrew W. Batchelor.
260 ## - PUBLICATION, DISTRIBUTION, ETC.
Place of publication, distribution, etc. Boston :
Name of publisher, distributor, etc. Butterworth-Heinemann,
Date of publication, distribution, etc. 2000.
300 ## - PHYSICAL DESCRIPTION
Extent xxiii, 744 p. :
Other physical details ill. ;
Dimensions 27 cm.
500 ## - GENERAL NOTE
General note Includes Index http://www.amazon.com/Engineering-Tribology-Second-Gwidon-Stachowiak/dp/0750673044/ref=sr_1_1?s=books&ie=UTF8&qid=1411549491&sr=1-1&keywords=0750673044
504 ## - BIBLIOGRAPHY, ETC. NOTE
Bibliography, etc. note Includes bibliographical references and index.
650 #0 - SUBJECT ADDED ENTRY--TOPICAL TERM
Topical term or geographic name entry element Tribology.
General subdivision ME
700 1# - ADDED ENTRY--PERSONAL NAME
Personal name Batchelor, A. W.
Fuller form of name (Andrew W.)
856 41 - ELECTRONIC LOCATION AND ACCESS
Materials specified Table of contents
Uniform Resource Identifier <a href="http://www.loc.gov/catdir/toc/els051/00058521.html">http://www.loc.gov/catdir/toc/els051/00058521.html</a>
856 42 - ELECTRONIC LOCATION AND ACCESS
Materials specified Publisher description
Uniform Resource Identifier <a href="http://www.loc.gov/catdir/description/els031/00058521.html">http://www.loc.gov/catdir/description/els031/00058521.html</a>
906 ## - LOCAL DATA ELEMENT F, LDF (RLIN)
a 7
b cbc
c orignew
d 1
e ocip
f 20
g y-gencatlg
942 ## - ADDED ENTRY ELEMENTS (KOHA)
Source of classification or shelving scheme
Koha item type Book
Holdings
Withdrawn status Lost status Source of classification or shelving scheme Damaged status Not for loan Permanent Location Current Location Shelving location Date acquired Source of acquisition Cost, normal purchase price Total Checkouts Full call number Barcode Date last seen Cost, replacement price Price effective from Koha item type
          Pakistan Navy Engineering College (PNEC) Pakistan Navy Engineering College (PNEC) Reference 06/15/2003 Royal Book Company 7131.15   621.89 STA PNECLIB-026031 09/24/2014 7131.15 06/15/2003 Book
          Pakistan Navy Engineering College (PNEC) Pakistan Navy Engineering College (PNEC) Reference 03/06/2008 Vanguard Books 6791.00   621.89 STA PNECLIB-028538 10/02/2014 6791.00 03/06/2008 Book
© 2023 Central Library, National University of Sciences and Technology. All Rights Reserved.